Foods of the Alphabet - Statistics

General Stats
  • This quiz has been taken 124 times
    83 since last reset
  • The average score is 21 of 26
Answer Stats
Picture Hint Answer % Correct
B Bacon
100%
C Carrot
100%
D Donut
100%
A Apple
98%
E Egg
98%
G Grape
98%
H Hot Dog
98%
I Ice Cream
98%
L Lobster
97%
R Rice
97%
T Toast
97%
F French Fries
95%
J Jam
91%
S Salad
91%
W Watermelon
91%
P Pickle
90%
Z Zucchini
83%
O Oatmeal
81%
M Meatball
79%
N Naan
78%
K Kebab
72%
Q Quinoa
62%
U Udon
53%
V Veal
53%
Y Yeast
31%
X Xo Sauce
9%
No matching quizzes found
Score Distribution
Percent of People with Each Score
Percentile by Number Answered
Your Score History
You have not taken this quiz since the last reset